000 00627nam a2200241Ia 4500
003 OSt
005 20221005062552.0
006 a|||||r|||| 00| 0
007 ta
008 221004b |||||||| |||| 00| 0 eng d
024 _a47720
037 _cTextual
040 _aCRL
_cCRL
_beng
041 _2eng
_aeng
082 _aY:8697x, P0
100 _aFeatherstone Mike Ed.
_9601965
245 0 _aBody modification
260 _aLondon
_bSage publication U. K
_c2000
300 _a347p.
_ccm.
650 _aSOCIOLOGY
942 _hY:8697x, P0
_cTEXL
_2cc
999 _c969887
_d969887